| 000 | 00330nam a2200097Ia 4500 | ||
|---|---|---|---|
| 082 | _a320.51|SOU | ||
| 245 | 0 | _aSouthern African liberation struggles : new local, regional and global perspectives | |
| 100 |
_a Sapire, Hilary Claremont, South Africa, 2013 _947377 |
||
| 942 | _cBK | ||
| 008 | 210817s9999 xx 000 0 und d | ||
| 999 |
_c154908 _d154907 |
||